MARC details
| 000 -LEADER |
| fixed length control field |
02490cam a2200541 i 4500 |
| 001 - CONTROL NUMBER |
| control field |
200468125 |
| 003 - CONTROL NUMBER IDENTIFIER |
| control field |
TR-AnTOB |
| 005 - DATE AND TIME OF LATEST TRANSACTION |
| control field |
20260415152030.0 |
| 007 - PHYSICAL DESCRIPTION FIXED FIELD--GENERAL INFORMATION |
| fixed length control field |
ta |
| 008 - FIXED-LENGTH DATA ELEMENTS--GENERAL INFORMATION |
| fixed length control field |
260415t19541954nyu b 001 0 eng |
| 010 ## - LIBRARY OF CONGRESS CONTROL NUMBER |
| LC control number |
56058467 |
| 020 ## - INTERNATIONAL STANDARD BOOK NUMBER |
| International Standard Book Number |
0156551349 |
| Qualifying information |
(volume 1 : |
| -- |
paperback) |
|
| International Standard Book Number |
0156551357 |
| Qualifying information |
(volume 2 : |
| -- |
paperback) |
| 035 ## - SYSTEM CONTROL NUMBER |
| System control number |
(CLU)4850561-ucladb-Voyager |
|
| System control number |
(OCoLC)00269344 |
| Canceled/invalid control number |
(OCoLC)295652 |
| -- |
(OCoLC)254569694 |
| -- |
(OCoLC)640063400 |
| -- |
(OCoLC)796972242 |
| -- |
(OCoLC)818809577 |
| -- |
(OCoLC)1100299524 |
|
| System control number |
(OCoLC)ocm00269344 |
|
| System control number |
(EXLNZ-01UCS_NETWORK)9912626696206531 |
|
| System control number |
(TR-AnTOB)200468125 |
| 040 ## - CATALOGING SOURCE |
| Original cataloging agency |
DLC |
| Language of cataloging |
eng |
| Description conventions |
rda |
| Transcribing agency |
DLC |
| Modifying agency |
OCLCG |
| -- |
CCV |
| -- |
TULIB |
| -- |
OCLCO |
| -- |
OCLCF |
| -- |
P4I |
| -- |
OCLCQ |
| -- |
OCLCO |
| -- |
OCL |
| -- |
TXI |
| -- |
OCL |
| -- |
TPA |
| -- |
PHUST |
| -- |
OCLCQ |
| -- |
BXM |
| -- |
OCLCO |
| -- |
OCLCL |
| -- |
OCLCQ |
| -- |
OCLCL |
| -- |
TR-AnTOB |
| 041 0# - LANGUAGE CODE |
| Language code of text/sound track or separate title |
İngilizce |
| 043 ## - GEOGRAPHIC AREA CODE |
| Geographic area code |
n-us--- |
| 050 10 - LIBRARY OF CONGRESS CALL NUMBER |
| Classification number |
PS88 |
| Item number |
.P3775 1954 |
| 090 ## - LOCALLY ASSIGNED LC-TYPE CALL NUMBER (OCLC); LOCAL CALL NUMBER (RLIN) |
| Classification number (OCLC) (R) ; Classification number, CALL (RLIN) (NR) |
PS88 |
| Local cutter number (OCLC) ; Book number/undivided call number, CALL (RLIN) |
.P3775 1954 |
| 100 1# - MAIN ENTRY--PERSONAL NAME |
| Personal name |
Parrington, Vernon Louis, |
| Dates associated with a name |
1871-1929 |
| Relator term |
author |
| Relator code |
aut |
| Authority record control number or standard number |
http://id.loc.gov/authorities/names/n50050787 |
| 9 (RLIN) |
153678 |
| 245 10 - TITLE STATEMENT |
| Title |
Main currents in American thought / |
| Statement of responsibility, etc. |
Vernon Louis Parrington. |
| 264 #1 - PRODUCTION, PUBLICATION, DISTRIBUTION, MANUFACTURE, AND COPYRIGHT NOTICE |
| Place of production, publication, distribution, manufacture |
New York : |
| Name of producer, publisher, distributor, manufacturer |
Harcourt, Brace & World, Inc., |
| Date of production, publication, distribution, manufacture, or copyright notice |
[1954] |
|
| Date of production, publication, distribution, manufacture, or copyright notice |
©1954 |
| 300 ## - PHYSICAL DESCRIPTION |
| Extent |
2 volumes ; |
| Dimensions |
19 cm |
| 336 ## - CONTENT TYPE |
| Content type term |
text |
| Content type code |
txt |
| Source |
rdacontent |
| 337 ## - MEDIA TYPE |
| Media type term |
unmediated |
| Media type code |
n |
| Source |
rdamedia |
| 338 ## - CARRIER TYPE |
| Carrier type term |
volume |
| Carrier type code |
nc |
| Source |
rdacarrier |
| 490 0# - SERIES STATEMENT |
| Series statement |
Harvest books ; |
| Volume/sequential designation |
4-5 |
| 500 ## - GENERAL NOTE |
| General note |
"Volumes I and II ... reprinted without the third, fragmentary, posthumously published volume"--Page 4 of cover. |
| 504 ## - BIBLIOGRAPHY, ETC. NOTE |
| Bibliography, etc. note |
Includes bibliographical references and index. |
| 505 0# - FORMATTED CONTENTS NOTE |
| Formatted contents note |
v. 1. The colonial mind, 1620-1800 -- v. 2. The romantic revolution in America, 1800-1860. |
| 586 ## - AWARDS NOTE |
| Awards note |
Pulitzer Prize in History, 1928 |
| 650 #0 - SUBJECT ADDED ENTRY--TOPICAL TERM |
| Topical term or geographic name entry element |
American literature |
| General subdivision |
History and criticism |
| Authority record control number or standard number |
http://id.loc.gov/authorities/subjects/sh85004351 |
| 9 (RLIN) |
85972 |
|
| Topical term or geographic name entry element |
Philosophy, American |
| Authority record control number or standard number |
http://id.loc.gov/authorities/subjects/sh85100855 |
| 9 (RLIN) |
153679 |
| 651 #0 - SUBJECT ADDED ENTRY--GEOGRAPHIC NAME |
| Geographic name |
United States |
| General subdivision |
Civilization |
| Authority record control number or standard number |
http://id.loc.gov/authorities/subjects/sh85139934 |
| 9 (RLIN) |
39546 |
|
| Geographic name |
United States |
| General subdivision |
Intellectual life |
| Authority record control number or standard number |
http://id.loc.gov/authorities/subjects/sh85140363 |
| 9 (RLIN) |
153386 |
|
| Geographic name |
United States |
| General subdivision |
Religion |
| Authority record control number or standard number |
http://id.loc.gov/authorities/subjects/sh85140498 |
| 9 (RLIN) |
153680 |
|
| Geographic name |
United States |
| General subdivision |
Politics and government |
| Authority record control number or standard number |
http://id.loc.gov/authorities/subjects/sh85140410 |
| 9 (RLIN) |
3287 |
| 951 ## - EQUIVALENCE OR CROSS-REFERENCE--GEOGRAPHIC NAME/AREA NAME [OBSOLETE] [CAN/MARC only] |
| Geographic name |
UclaCollMgr MonosBKSZAS18001959 20210520 |
|
| Geographic name |
MARS |
| 942 ## - ADDED ENTRY ELEMENTS (KOHA) |
| Source of classification or shelving scheme |
Library of Congress Classification |
| Koha item type |
Book |